000 01789nad a22002895a 4500
008 231102s2023 stk f s000 0 eng d
041 0 _aeng
110 2 _aScottish Government
_kLaws, etc
_96043
245 0 4 _aHousing (Cladding Remediation) (Scotland) Bill
_h[electronic resource]
260 _aEdinburgh
_bScottish Government
_c2023
300 _a20p.
490 0 _aScottish Bill
_v2023
520 _aA Bill for an Act of the Scottish Parliament to confer on the Scottish Ministers powers to identify external wall cladding systems on residential buildings that create or exacerbate risks to human life and to address those risks; to establish a register to record that a building's cladding has been assessed and that remediation works have been completed; to enable one or more schemes to be established to require persons in the building industry to contribute towards assessing and remediating dangerous cladding; and for connected purposes.
520 _aReceived Royal Assent 21 June 2024.
521 _aAdvanced
650 2 4 _aHousing (Cladding Remediation) (Scotland) Bill
650 2 4 _aCLADDING
650 2 4 _aFIRE SAFETY
650 2 4 _aREMEDIATION
650 2 4 _aRESIDENTIAL PROPERTY
651 4 _aScotland
690 _aBuilding control
_96222
856 4 0 _uhttps://www.parliament.scot/-/media/files/legislation/bills/s6-bills/housing-cladding-remediation-scotland-bill/introduced/bill-as-introduced.pdf
_zBill as introduced
856 4 0 _uhttps://www.parliament.scot/bills-and-laws/bills/housing-cladding-remediation-scotland-bill
_zBill homepage
856 4 0 _uhttps://www.parliament.scot/-/media/files/legislation/bills/s6-bills/housing-cladding-remediation-scotland-bill/introduced/explanatory-notes-accessible.pdf
_zExplanatory notes to Bill
942 _n0
_2ddc
999 _c121693
_d121693